000 00876nam a2200277Ia 4500
003 OSt
005 20220918171218.0
006 a|||||r|||| 00| 0
007 ta
008 220917b |||||||| |||| 00| 0 eng d
020 _a9781412921626 (pbk)
_c1674.82
024 _a238,545
037 _b05002, 10/02/2009, Atlantic Publisher & Dist.Pvt.Ltd.
_cTextual
040 _aARTS
_cARTS
_beng
041 _2eng
_aeng
082 _aV2,61.N9, N5;P9
100 _aDavies Jonathan S.
_934801
245 0 _aTheories of Urban politics
250 _a2nd
260 _aLos Angeles
_b Sage USA
_c2009
300 _axiii,282p.
_ccm.
650 _aHISTORY
700 _a Imbroscio David L.
_934802
942 _hV2,61.N9, N5;P9
_cTEXL
_2CC
999 _c138353
_d138353